|
|
|
|
| LEADER |
00000cam a2200000 a 4500 |
| 001 |
vtls001172858 |
| 003 |
SK-MaSNL |
| 005 |
20260301112127.0 |
| 008 |
250414s1992 hu 0 hun |
| 020 |
|
|
|a 963 7719 25 3; 963 7341 70 6
|
| 035 |
|
|
|a SNK000115840
|
| 040 |
|
|
|a SNK
|b slo
|c SNK
|e AACR2
|
| 041 |
0 |
|
|a hun
|
| 044 |
|
|
|a hu
|c HU
|
| 080 |
|
|
|a 929:894.511(03)=945.11
|2 1981
|
| 080 |
|
|
|a 894.511(03)=945.11
|2 1981
|
| 080 |
|
|
|a 03
|2 1981
|
| 080 |
|
|
|a 929
|2 1981
|
| 080 |
|
|
|a 894.511=945.11
|2 1981
|
| 100 |
1 |
|
|a Gulyás, Pál,
|d 1881-1963
|4 aut
|9 117855
|
| 245 |
1 |
0 |
|a Magyar írók élete és munkái. Köt. 11
|c Pál Gulyás
|
| 260 |
|
|
|a Budapest
|b Argumentum
|c 1992
|
| 300 |
|
|
|a Stĺp. 990
|c 24 cm
|
| 852 |
|
|
|a Slovenská národná knižnica
|
| 919 |
|
|
|a 963 7719 25 3; 963 7341 70 6
|
| 954 |
|
|
|a spisovatelia maďarskí
|a lexikóny maďarské
|
| 999 |
|
|
|c 709554
|d 711484
|
| 952 |
|
|
|t P60, <04>, [BOOK], {604}
|a SNK
|b SNK
|y VYP
|7 0
|p 17A0107436
|o snkIC 5760/11
|0 0
|1 0
|4 0
|d 1997-11-11
|l 0
|r 2005-01-01 00:00:00
|w 2026-02-23
|